000 00224nam a2200097Ia 4500
001 1197847
005 20250827021834.0
008 250824s9999 xx 000 0 und d
245 0 _aİZ
_cCANAN TAN
260 _bALTIN KİTAPLAR
999 _c1197847
_d1197847